Pronunciation plus. Practice through interaction. North American English. Teacher's Manual.
Shranjeno v:
| Glavni avtor: | |
|---|---|
| Format: | Neznan |
| Jezik: | angleščina |
| Izdano: |
New York, USA:
Cambridge University Press,
1999
|
| Teme: | |
| Oznake: |
Označite
Brez oznak, prvi označite!
|
MARC
| LEADER | 00000 a2200000 4500 | ||
|---|---|---|---|
| 003 | CL-VaPUC | ||
| 005 | 20220526100516.0 | ||
| 008 | 220503b1999 ||||| |||| 00| 0 eng d | ||
| 999 | |c 435158 |d 435156 | ||
| 020 | |a 978-0-521-57796-0 Teacher's Manual | ||
| 040 | |c Pontificia Universidad Católica de Valparaíso | ||
| 082 | 7 | |a 428.34 HEW 1999 |2 22 | |
| 100 | 1 | |a Hewings, Martin |9 866500 | |
| 245 | |a Pronunciation plus. |b Practice through interaction. North American English. Teacher's Manual. | ||
| 260 | |a New York, USA: |b Cambridge University Press, |c 1999 | ||
| 300 | |a x,148 páginas. | ||
| 583 | |k Cristina María Rojas Aguilar |c 20220503 | ||
| 650 | 0 | |a Lengua inglesa |z América del Norte |9 453712 |x Pronunciación para hablantes extranjeros |x Problemas y ejercicios | |
| 942 | |2 ddc |c BK | ||
| 952 | |0 0 |1 0 |2 ddc |4 0 |6 428_340000000000000_HEW_1999 |7 0 |8 A |9 582886 |a BIBEDU |b BIBEDU |c GEN |d 2022-05-03 |e 74 |g 33892.00 |i 5651067 |o 428.34 HEW 1999 |p 5651067 |r 2022-05-03 |t 1 |v 33892.00 |w 2022-05-03 |y BK |k LIT | ||